| 000 | 01294nam a2200349 i 4500 | ||
|---|---|---|---|
| 001 | 35024 | ||
| 003 | KOSZ 005 | ||
| 005 | 20221229122100.0 | ||
| 008 | 011010s2001 pl f f |000 0 pol | ||
| 020 | _a8387287105 | ||
| 040 |
_cKOSZ 005 _aKOSZ 005 _dKOSZ 005/HR |
||
| 041 | 1 |
_apol _hger |
|
| 080 | _a658.566 | ||
| 080 | _a(083.1) | ||
| 100 | 1 |
_aDück, Otto _eAutor |
|
| 245 | 1 | 0 |
_aGospodarka materiałowa : _bpraktyczny poradnik. _n[T.3] / _cOtto Dück, Stefan Schötz ; tł. i adapt. na pol. zespół, red. wyd. pol. Stanisław Wesołowski, Maria Wojciechowska, Magdalena Dudzik. |
| 250 | _a[Aktualiz. bieżąca]. | ||
| 260 |
_aWarszawa : _bWEKA, _c2001. |
||
| 300 | _aSkoroszyt. | ||
| 336 |
_2rdacontent _aTekst _btxt |
||
| 337 |
_2rdamedia _aBez urządzenia pośredniczącego _bn |
||
| 338 |
_2rdacarrier _aWolumin _bnc |
||
| 650 | 4 | _aGospodarka materiałowa | |
| 655 | _aPoradnik | ||
| 658 | _aZarządzanie i marketing | ||
| 700 | 1 |
_aWesołowski Stanisław _d(1929-2012) _eRedakcja |
|
| 700 | 1 |
_aSchötz, Stefan _eAutor |
|
| 700 | 1 |
_aWojciechowska, Maria _eRedakcja |
|
| 700 | 1 |
_aDudzik, Teresa Magdalena _eRedakcja |
|
| 856 |
_uhttp://koha.tu.koszalin.pl/cgi-bin/koha/opac-detail.pl?biblionumber=35024 _yKatalog online BPK |
||
| 942 |
_cKA _2UKD |
||
| 999 |
_c35024 _d35024 |
||